|
|
|
|
| LEADER |
01013pam a22002418a 4500 |
| 001 |
00017374 |
| 005 |
20171026081022.0 |
| 008 |
110419s1982 ||||||Viesd |
| 041 |
0 |
# |
|a Vie
|
| 082 |
1 |
4 |
|a 620.1
|b C460K
|
| 100 |
0 |
# |
|a Nguyễn Văn Nhậm
|e chủ biên
|
| 245 |
0 |
0 |
|c Nguyễn Văn Nhậm; Vũ Duy Thiện
|a Cơ kỹ thuật
|b ( Dùng cho học sinh nhóm ngành không chuyên xây dựng và không chuyên cơ khí trong các trường trung học chuyên nghiệp )
|
| 260 |
# |
# |
|a H.
|b Đại học và trung học chuyên nghiệp
|c 1982
|
| 300 |
# |
# |
|a 320 tr.
|b Hình vẽ
|c 21 cm.
|
| 650 |
# |
4 |
|a Cơ học
|
| 650 |
# |
4 |
|a Kỹ thuật
|
| 653 |
# |
# |
|a Cơ học vật rắn biến dạng
|
| 653 |
# |
# |
|a Cơ học vật rắn tuyệt đối
|
| 700 |
0 |
# |
|a Vũ Duy Thiện
|
| 852 |
# |
# |
|b Kho đọc
|j KD.0002727
|
| 852 |
# |
# |
|j KD.0002727
|
| 910 |
|
|
|d 19/04/2011
|
| 980 |
# |
# |
|a Trung tâm Học liệu Lê Vũ Hùng, Trường Đại học Đồng Tháp
|